00801nam a22002057a 4500003000400000005001700004008004100021020001800062040002900080050002300109100002600132245008000158260004200238300002000280650005900300650004500359942001500404952015900419999001700578OSt20260603164314.0260603b |||||||| |||| 00| 0 eng d a9781596671324 cChuka University Library aLB 1025.3 .B7 2009 aBreaux Annette927062 a50 Ways to Improve Student Behavior: Simple Solutions to Complex Challenges aNew YorkbTaylor& Francis Groupc2009 aVarious Pagings aEffective Teaching- United States- Case Studies927063 aInteraction Analysis in Education917207 2lcccBKn0 00102lcc40708LGLaCHKbCHKcGENd2026-06-03eDonation from books for Africal0oLB 1025.3 .B7 2009p32570/2026r2026-06-03 16:46:46t1w2026-06-03yBK c23182d23182